00664nam a2200241 a 4500001001300000003000900013005001700022008004100039020001000080082001300090100002300103245002000126260003700146300000900183500003500192505001300227650001300240700002300253902000800276942000700284952011400291999001700405nice12345678IN_TiNIC20260116013430.0050524s1961 newa grp 000 0 eng  ac10000a266bMCC aMc Corkle, Henry L aQuiet Crusaders aNew YorkbFriendship Pressc1961 a175p aincludes index and biblioraphy2 aAppendix aMissions1 aMc Corkle, Henry L bSRS cBK 001040708StackRoom-aHMIbHMId2007-10-05g100.00l0o266 MCCp016173r2007-10-05v100.00w2005-05-24yBK c10956d10956